000 01015nmm a2200301 a 4500
001 ocm0001221561
003 TR-IsHL
005 20201028155118.0
008 110704s1999 tu tur
007 cr cn
020 _a9789755123547
035 _a1221561
_b(N$T)
050 0 4 _aHC845
_b.E85 1999
090 0 4 _aHC845
_b.E85 1999
245 1 0 _aEtiyopya ülke etüdü
_h[electronic resource] /
_chaz. Tezer Palacıoğlu, Cem Akgün
260 _aİstanbul :
_bİstanbul Ticaret Odası,
_c1999
300 _a144 p.
650 4 _aEkonomi ve Finans
650 4 _aEconomics and Finance
650 0 _aEtiyopya
_x Ekonomik koşullar
650 0 _aEthiopia
_x Economic conditions
650 0 _aEtiyopya
_x Ekonomi politikası
650 0 _aEthiopia
_x Economic policy
650 7 _aBUSINESS & ECONOMICS / Economic Conditions
_2bisacsh
700 1 _aPalacıoglu, Tezer
700 1 _aAkgün, Cem
856 4 0 _uhttp://search.ebscohost.com/login.aspx?direct=true&scope=site&db=e011xww&AN=1221561
999 _c12920
_d12920